| 000 | 00407nam a22001457a 4500 | ||
|---|---|---|---|
| 003 | PILC | ||
| 005 | 20160217152901.0 | ||
| 008 | 160217b xxu||||| |||| 00| 0 eng d | ||
| 050 |
_aBV 4461 _b.D339 2001 |
||
| 100 | _aDe Larrazabal, Fernando. | ||
| 245 |
_aQuest for answers / _cFernando De Larrazabal. |
||
| 260 |
_aMakati City : _bSt Pauls, _c2001. |
||
| 300 |
_a109 pages ; _c21 cm. |
||
| 942 |
_2lcc _cBK _kLOC |
||
| 999 |
_c291013 _d291013 |
||